|
|
|
|
| LEADER |
00000cam a22000004a 4500 |
| 001 |
musev2_65261 |
| 003 |
MdBmJHUP |
| 005 |
20230905050723.0 |
| 006 |
m o d |
| 007 |
cr||||||||nn|n |
| 008 |
171112s1974 onc o 00 0 eng d |
| 020 |
|
|
|a 9781772820225
|
| 020 |
|
|
|z 1772820229
|
| 035 |
|
|
|a (OCoLC)1132672117
|
| 040 |
|
|
|a MdBmJHUP
|c MdBmJHUP
|
| 041 |
0 |
|
|a eng
|b fre
|
| 100 |
1 |
|
|a Wright, J. V.
|q (James Valliere),
|d 1932-2004.
|
| 245 |
1 |
4 |
|a The Nodwell Site /
|c J.V. Wright.
|
| 264 |
|
1 |
|a Ottawa :
|b National Museums of Canada,
|c 1974.
|
| 264 |
|
3 |
|a Baltimore, Md. :
|b Project MUSE,
|c 2020
|
| 264 |
|
4 |
|c ©1974.
|
| 300 |
|
|
|a 1 online resource (357 pages):
|b illustrations
|
| 336 |
|
|
|a text
|b txt
|2 rdacontent
|
| 337 |
|
|
|a computer
|b c
|2 rdamedia
|
| 338 |
|
|
|a online resource
|b cr
|2 rdacarrier
|
| 490 |
0 |
|
|a Paper - Archaeological Survey of Canada ;
|v no. 22
|
| 490 |
0 |
|
|a Mercury series
|
| 520 |
|
|
|a Nodwell site is a mid-14th century palisaded village located on the edge of Port Elgin overlooking Lake Huron.
|
| 546 |
|
|
|a Summary in French.
|
| 588 |
|
|
|a Description based on print version record.
|
| 650 |
|
7 |
|a Wyandot Indians
|x Antiquities.
|2 fast
|0 (OCoLC)fst01181756
|
| 650 |
|
7 |
|a Tionontati Indians
|x Antiquities.
|2 fast
|0 (OCoLC)fst01151413
|
| 650 |
|
7 |
|a Antiquities.
|2 fast
|0 (OCoLC)fst00810745
|
| 650 |
|
6 |
|a Tionontati (Indiens)
|x Antiquites.
|
| 650 |
|
6 |
|a Hurons
|x Antiquites.
|
| 650 |
|
5 |
|a Huron Indians
|x Antiquities.
|
| 650 |
|
0 |
|a Tionontati Indians
|x Antiquities.
|
| 650 |
|
0 |
|a Wyandot Indians
|x Antiquities.
|
| 651 |
|
7 |
|a Ontario
|z Port Elgin.
|2 fast
|0 (OCoLC)fst01887772
|
| 651 |
|
7 |
|a Ontario
|z Nodwell Site.
|2 fast
|0 (OCoLC)fst01293893
|
| 651 |
|
6 |
|a Port Elgin, Ont.
|x Antiquites.
|
| 651 |
|
6 |
|a Nodwell (Ont. : Site archeologique)
|
| 651 |
|
0 |
|a Nodwell Site (Ont.)
|
| 651 |
|
0 |
|a Port Elgin (Ont.)
|x Antiquities.
|
| 655 |
|
7 |
|a Electronic books.
|2 local
|
| 710 |
2 |
|
|a Project Muse.
|e distributor
|
| 830 |
|
0 |
|a Book collections on Project MUSE.
|
| 856 |
4 |
0 |
|z Texto completo
|u https://projectmuse.uam.elogim.com/book/65261/
|
| 945 |
|
|
|a Project MUSE - Custom Collection
|
| 945 |
|
|
|a Project MUSE - Archive Complete Supplement VIII
|
| 945 |
|
|
|a Project MUSE - Archive Archaeology and Anthropology Supplement VIII
|